000 00876nam a22002057a 4500
003 OSt
005 20170608093040.0
008 150408b xxu||||| |||| 00| 0 eng d
040 _cBMC
082 _a721
100 1 _935220
_aRodríguez García, María Lorena
245 1 0 _aPasantía en Plarco, S.A. de C.V. (planificación, arquitectura y construcción)
_b: Informe final
_cMaría Lorena Rodríguez García
260 _aSanta Ana (El Salvador)
_bUniversidad Católica de El Salvador
_c2009
300 _a87 h.
_bil. col
_c28 cm
_e+ 1 disco compacto
500 _aPrecede al tít.: Universidad Católica de El Salvador, Facultad de Ingeniería y Arquitectura
502 _aPara optar al título de Arquitecta
650 2 4 _94860
_aProyectos de arquitectura
710 2 _91166
_aUniversidad Católica de El Salvador
_bFacultad de Ingeniería y Arquitectura
942 _2ddc
_cTG
999 _c21609
_d21609